00474 2200169 4500001002100000005001500021035002000036245006900056100001900125250001700144300003200161260003500193082001200228084001800240020002200258650002400280INLIS00000000000091020250317094944 a0010-03250000061 aSeri Pengetahuan ICT Asyiknya Bermain Internet /cRirin Utami WN0 aRirin Utami WN acetakan ke-1 aiv, 84 hlm :bilus ;c29 cm aJakarta :bGaneca Exact,c2007 a004.678 a004.678 RIR s a978-979-571-400-2 4aTeknologi Informasi